000 00585nam a22001937a 4500
005 20251108163334.0
008 250721s9999 xx 000 0 ara d
082 1 4 _a216.22/مقد
100 1 _aالمقدسي، حسان عبد المنان محمود
245 1 0 _aمناقشة الألبانيين في مسألة الصلاة بين السوارى /
264 _bدار الامام الذهبي،
_c[19-].
300 _a55 ص
650 1 7 _aالصلوات
650 1 7 _aالإسلام
650 1 7 _aالفقه
650 1 7 _aالعبادة
942 _2ddc
_cBK
999 _c176
_d176